[Event "Copenhagen Chess Challenge 2019"]
[Site "Ballerup"]
[Date "2019.05.19"]
[Round "9"]
[White "Sorensen, Per Settergren"]
[Black "Nielsen, Thomas"]
[Result "0-1"]
[WhiteElo "2030"]
[BlackElo "1933"]
[PlyCount "94"]
[EventDate "2019.05.15"]
[EventRounds "9"]

1. e4 c5 2. Nf3 d6 3. d4 cxd4 4. Nxd4 Nf6 5. Nc3 g6 6. Be3 a6 7. Be2 b5 8. f3
Bb7 9. Qd2 Nbd7 10. a4 e5 11. Nb3 b4 12. Na2 d5 13. exd5 Nxd5 14. Bf2 Qc7 15.
O-O h5 16. c4 bxc3 17. Nxc3 Nxc3 18. Qxc3 Qxc3 19. bxc3 Rc8 20. Na5 Bd5 21.
Bxa6 Ra8 22. Bb5 Rxa5 23. Rfd1 Be6 24. Bb6 Rxb5 25. axb5 Nxb6 26. Ra7 Bc5+ 27.
Kh1 O-O 28. Rc7 Rc8 29. Rxc8+ Nxc8 30. Rd8+ Kg7 31. h4 Kf6 32. Kh2 Ke7 33. Rd2
Bc4 34. Rb2 Bb6 35. g4 Nd6 36. gxh5 gxh5 37. Rg2 f6 38. Rg7+ Bf7 39. Rg2 Kd7
40. Rb2 Kc7 41. Rg2 Nxb5 42. Rg7 Nd6 43. Rh7 Kc6 44. Rh6 Bd8 45. Rh8 Kd7 46.
Rh7 Ke7 47. Rg7 Ba5 0-1

[Event "Copenhagen Chess Challenge 2019"]
[Site "Ballerup"]
[Date "2019.05.19"]
[Round "9"]
[White "Saltvedt, Martin"]
[Black "Bendixen, Daniel"]
[Result "1/2-1/2"]
[WhiteElo "2018"]
[BlackElo "1957"]
[PlyCount "60"]
[EventDate "2019.05.15"]
[EventRounds "9"]

1. d4 d5 2. Bf4 Nf6 3. e3 e6 4. Nf3 c5 5. c3 Bd6 6. Bg3 O-O 7. Bd3 b6 8. Nbd2
Ba6 9. Bxa6 Nxa6 10. Qe2 Nb8 11. Rd1 Qc7 12. dxc5 bxc5 13. e4 Bxg3 14. hxg3
dxe4 15. Nxe4 Nbd7 16. Nfg5 Nxe4 17. Qxe4 Nf6 18. Qe2 h6 19. Nf3 Rad8 20. O-O
Rxd1 21. Rxd1 Rd8 22. Rd3 Rxd3 23. Qxd3 Qd7 24. Qxd7 Nxd7 25. Kf1 Kf8 26. Nd2
Nb6 27. Ke2 Ke7 28. Kd3 f5 29. f4 g5 30. Nf3 gxf4 1/2-1/2

[Event "Copenhagen Chess Challenge 2019"]
[Site "Ballerup"]
[Date "2019.05.19"]
[Round "9"]
[White "Unneland, Mathias"]
[Black "Falkesgaard, Jeppe Hald"]
[Result "1-0"]
[WhiteElo "2009"]
[BlackElo "1878"]
[PlyCount "67"]
[EventDate "2019.05.15"]
[EventRounds "9"]

1. d4 Nf6 2. c4 g6 3. Nf3 Bg7 4. Nc3 O-O 5. g3 b6 6. Bg2 Bb7 7. O-O d5 8. Ne5
e6 9. Bg5 h6 10. Bxf6 Bxf6 11. cxd5 exd5 12. e4 c5 13. Nxd5 Bxd5 14. exd5 cxd4
15. f4 Qd6 16. Re1 Nd7 17. Nc6 Rfe8 18. Qd2 d3 19. Rac1 Rac8 20. b3 Rxe1+ 21.
Qxe1 Nc5 22. b4 Rxc6 23. Qe8+ Kg7 24. dxc6 d2 25. Rd1 Nd3 26. Qe2 Bc3 27. c7
Qd4+ 28. Kf1 Nxf4 29. Qe4 Qd7 30. Qxf4 Qe6 31. Qe4 Qd7 32. Qc4 Qf5+ 33. Ke2
Qe5+ 34. Kd3 1-0

[Event "Copenhagen Chess Challenge 2019"]
[Site "Ballerup"]
[Date "2019.05.19"]
[Round "9"]
[White "Lye, Sigurd"]
[Black "Saravana, Vedant Kumar"]
[Result "0-1"]
[WhiteElo "1574"]
[BlackElo "1845"]
[PlyCount "114"]
[EventDate "2019.05.15"]
[EventRounds "9"]

1. e4 e5 2. Nf3 Nc6 3. Bc4 Bc5 4. b4 Bb6 5. a4 a6 6. a5 Ba7 7. c3 Nf6 8. d3 d6
9. h3 O-O 10. O-O h6 11. Re1 Be6 12. Bb3 Qe7 13. Bc2 Nh7 14. Be3 f5 15. exf5
Bxf5 16. Bxa7 Rxa7 17. Nbd2 Ng5 18. Nxg5 Qxg5 19. Ne4 Qg6 20. Bb3+ Kh8 21. Re3
Raa8 22. Rg3 Qh7 23. Qe2 Ne7 24. Rf3 Ng6 25. Qd2 Nf4 26. Bc2 Rad8 27. Ng3 Bg6
28. Ne2 Ne6 29. Rxf8+ Rxf8 30. Rf1 c5 31. f4 c4 32. Rf2 cxd3 33. f5 Bxf5 34. g4
Bg6 35. Bb3 Rxf2 36. Kxf2 Ng5 37. Ng3 Nxh3+ 38. Ke1 Nf4 39. Qf2 Be8 40. Nh5
Bxh5 41. gxh5 Qe4+ 42. Kd1 Qe2+ 43. Qxe2 dxe2+ 44. Ke1 Nd3+ 45. Kxe2 Nc1+ 46.
Ke3 Nxb3 47. Ke4 Kg8 48. Kd5 Kf7 49. Kxd6 e4 50. Kc7 e3 51. Kxb7 e2 52. Kxa6
e1=Q 53. Kb6 Qxc3 54. b5 Qxa5+ 55. Kb7 Qxb5+ 56. Ka8 Na5 57. Ka7 Qb7# 0-1

[Event "Copenhagen Chess Challenge 2019"]
[Site "Ballerup"]
[Date "2019.05.19"]
[Round "9"]
[White "Pihl, William"]
[Black "Slettebo, Jan"]
[Result "0-1"]
[WhiteElo "1496"]
[BlackElo "1920"]
[PlyCount "92"]
[EventDate "2019.05.15"]
[EventRounds "9"]

1. e4 e5 2. Nf3 Nc6 3. Bc4 Nf6 4. d3 Be7 5. Be3 O-O 6. O-O d5 7. exd5 Nxd5 8.
Bxd5 Qxd5 9. Nc3 Qd8 10. h3 f5 11. Nh2 f4 12. Bd2 Rf6 13. Nf3 Rg6 14. Kh2 Qd7
15. Rh1 b6 16. Ne4 Bb7 17. Bc3 Bf6 18. g3 fxg3+ 19. fxg3 Rf8 20. Rf1 Rh6 21.
Ng1 Nd4 22. Bxd4 exd4 23. Rf3 c5 24. Qe2 Re8 25. Re1 Bc6 26. Nxf6+ Rxf6 27.
Qxe8+ Qxe8 28. Rxe8+ Bxe8 29. Rxf6 gxf6 30. Ne2 a5 31. Nf4 Bc6 32. Kg1 Kf7 33.
Kf2 Ke7 34. Ke2 Kd6 35. Kd2 Ke5 36. Ke2 Be8 37. Kf2 a4 38. Ke2 Bf7 39. b3 a3
40. Kd2 b5 41. c4 dxc3+ 42. Kxc3 b4+ 43. Kd2 Bxb3 44. Ne2 Bxa2 45. Nc1 b3 46.
Kc3 b2 0-1

[Event "Copenhagen Chess Challenge 2019"]
[Site "Ballerup"]
[Date "2019.05.19"]
[Round "9"]
[White "Werner, Jakob"]
[Black "Wahlgreen, Noah Krug"]
[Result "1/2-1/2"]
[WhiteElo "1686"]
[BlackElo "1721"]
[PlyCount "87"]
[EventDate "2019.05.15"]
[EventRounds "9"]

1. d4 Nf6 2. Nf3 g6 3. c4 Bg7 4. g3 O-O 5. Bg2 e6 6. Nc3 d5 7. O-O Nc6 8. cxd5
exd5 9. Re1 Bf5 10. a3 Qd7 11. Ne5 Qe6 12. Bf4 a6 13. Nxc6 Qxc6 14. Rc1 Qd7 15.
Na4 Rac8 16. Nc5 Qb5 17. b4 b6 18. Nb7 Qd7 19. e3 Ne8 20. Bf1 Ra8 21. Nc5 bxc5
22. Rxc5 Bf6 23. Qc1 Be7 24. Rc6 Ra7 25. Bh6 Ng7 26. Bxa6 Rfa8 27. Bb5 Bd6 28.
a4 Be4 29. Bxg7 Qf5 30. f4 Kxg7 31. Qb2 Bd3 32. Bxd3 Qxd3 33. Rc3 Qe4 34. a5
Rb8 35. Rb3 Rab7 36. b5 Qe8 37. a6 Rxb5 38. Rxb5 Qxb5 39. Qa2 Ra8 40. Rb1 Qxa6
41. Qxd5 Qe2 42. Qxa8 Qxe3+ 43. Kg2 Qxd4 44. Qa1 1/2-1/2

[Event "Copenhagen Chess Challenge 2019"]
[Site "Ballerup"]
[Date "2019.05.19"]
[Round "9"]
[White "Andersen, Daniel"]
[Black "Knudsen, Jan"]
[Result "1-0"]
[WhiteElo "1862"]
[BlackElo "1600"]
[PlyCount "95"]
[EventDate "2019.05.15"]
[EventRounds "9"]

1. c4 Nf6 2. Nc3 c5 3. Nf3 Nc6 4. g3 g6 5. d4 cxd4 6. Nxd4 Bg7 7. Nxc6 bxc6 8.
Bg2 Ba6 9. Qa4 Bb7 10. c5 O-O 11. e4 Qc8 12. O-O Rd8 13. Bf4 h6 14. Rfd1 Nh5
15. Be3 Nf6 16. h3 Nh5 17. Rd2 Qc7 18. Rad1 a5 19. Nb1 Ba6 20. Kh2 Be5 21. f4
Bg7 22. e5 Bh8 23. Nc3 f6 24. exf6 Bxf6 25. g4 Ng7 26. Kh1 Kh7 27. Ne4 Bh4 28.
Nf2 Rab8 29. Qe4 Bf6 30. Nd3 Ne6 31. Ne5 Bxe5 32. Qxe5 Qxe5 33. fxe5 Bc4 34. b3
Ba6 35. Rxd7 Rxd7 36. Rxd7 Rb7 37. Bxc6 Rxd7 38. Bxd7 Nc7 39. Bd2 Bd3 40. Bxa5
Nd5 41. c6 Bb1 42. c7 Nxc7 43. Bxc7 Bxa2 44. b4 Kg7 45. Bc6 Kf7 46. b5 h5 47.
b6 hxg4 48. hxg4 1-0

[Event "Copenhagen Chess Challenge 2019"]
[Site "Ballerup"]
[Date "2019.05.19"]
[Round "9"]
[White "Hentley, Darryl"]
[Black "Kallenbach, Uffe"]
[Result "1-0"]
[WhiteElo "1529"]
[BlackElo "1644"]
[PlyCount "59"]
[EventDate "2019.05.15"]
[EventRounds "9"]

1. e4 c5 2. d3 Nc6 3. f4 d5 4. e5 f6 5. exf6 Nxf6 6. Be2 e5 7. g3 Bd6 8. Bh5+
g6 9. Be2 O-O 10. Nf3 Qc7 11. Nc3 exf4 12. Nb5 Qa5+ 13. Nc3 d4 14. Bd2 dxc3 15.
Bxc3 Qc7 16. O-O Ng4 17. d4 Ne3 18. Qd3 Nxf1 19. Rxf1 fxg3 20. Qc4+ Qf7 21. Ng5
Qxc4 22. Bxc4+ Kg7 23. dxc5+ Kh6 24. Nf7+ Rxf7 25. Rxf7 Bxc5+ 26. Kg2 Be3 27.
Kxg3 b6 28. Bg7+ Kg5 29. h4+ Kh5 30. Be2+ 1-0